| 000 | nam a22 a 4500 | ||
|---|---|---|---|
| 999 |
_c4359 _d4359 |
||
| 005 | 20170529103121.0 | ||
| 008 | 170529t2010 -us||||| |||| 00| 0 eng d | ||
| 020 | _a9781107000841 | ||
| 040 | _aAKMAL | ||
| 082 | _a382.92 ROS | ||
| 090 |
_a382.92 _bROS |
||
| 100 | 1 |
_aRosenow, Sheri. _98497 |
|
| 245 | 1 | 2 |
_a|a A handbook on the WTO customs valuation agreement / _cSheri Rosenow and Brian J. O'Shea. |
| 260 |
_aCambridge : _bCambridge University Press, _c2010. |
||
| 300 |
_axv, 270 p. : _bill. ; _c24cm |
||
| 504 | _aIncludes bibliographical references (p. 252) and index. | ||
| 505 | 0 | _aTransaction value method -- Alternative valuation methods -- Implementation and operation -- Administration and dispute settlement. | |
| 610 | 2 | 0 |
_aWorld Trade Organization. _96011 |
| 610 | 2 | 0 |
_aGeneral Agreement on Tariffs and Trade (Organization) _96012 |
| 650 | 1 | 0 |
_aCustoms appraisal _xLaw and legislation. _98214 |
| 650 | 1 | 0 |
_aCustoms administration _xLaw and legislation. _96000 |
| 700 | 1 |
_aO'Shea, Brian J. _98498 |
|
| 942 |
_2ddc _cBOOK |
||
| 950 | _lAKMAL | ||